00578nam a22002057a 450000500170000001000130001702000230003003500130005303700160006604000120008208200150009410000250010924500980013424600060023226000400023827000400027830000210031865000130033965000200035220170124105948.0 aB-129550 c150.00a8171102519 aB-129550 bCen Lib/Ret aDPLbEN a238.2bSHA aSharma, Suraj Narain aAn introduction to satyartha-prakasa :cby Suraj Narain Sharmabof swami Dayanand saraswati / b  bParimal publicationsc2004a Delhi  b Delhi a27/28,Shakti nagare110007 a141p. c22cm(Hb) aHinduism aConduct of life